木偏の常用漢字 - Statistics

General Stats
  • This quiz has been taken 75 times
  • The average score is 17 of 61
Answer Stats
答え % Correct
91%
68%
61%
59%
57%
57%
57%
55%
52%
52%
52%
50%
45%
43%
43%
41%
41%
39%
34%
34%
34%
34%
32%
30%
30%
30%
23%
23%
23%
20%
18%
18%
18%
18%
18%
16%
16%
16%
16%
16%
14%
14%
14%
14%
14%
14%
11%
11%
9%
9%
9%
9%
9%
7%
7%
7%
7%
5%
5%
2%
2%
No matching quizzes found
Score Distribution
Percent of People with Each Score
Percentile by Number Answered
Your Score History
You have not taken this quiz